000 00500 a2200205 4500
005 20260422111656.0
008 260422b |||||||| |||| 00| 0 eng d
020 _a8187815515
_cRs. 1500.00
040 _aMAIN
082 _a580.3
_bG869D
100 _aGrewal, R C
245 _aDictionary of botany
260 _bCampus Books International
_c2025
_aNew Delhi
300 _a397
650 _aBotany
650 _aNatural Sciences
650 _aPlant
650 _aDictionaries
942 _cBK
999 _c396071
_d396071